Statistics for Random Top 5 Countries

Click here to take the quiz!

General Stats

  • This quiz has been taken 875 times
  • The average score is 28 of 40

Answer Stats

CategoryCountry% Correct
Most populous in OceaniaAustralia
100%
Most populous in North AmericaCanada
100%
Longest total bordersCanada
100%
Most JetPunk usersCanada
100%
Most populous in AsiaChina
100%
With the largest cityChina
100%
Most megacitiesChina
100%
Top banana producersChina
100%
Longest land bordersChina
100%
Tallest buildingChina
100%
Most powerful militaryChina
100%
Most bordersChina
100%
Most imported itemsChina
100%
Longest total bordersChina
100%
Largest populationChina
100%
Most exported itemsChina
100%
RichestChina
100%
Most populous in EuropeFrance
100%
Most populous in EuropeGermany
100%
Largest populationIndia
100%
With the largest cityIndia
100%
Most megacitiesIndia
100%
Most populous in AsiaIndia
100%
With the largest cityJapan
100%
Most tropical stormsJapan
100%
Most imported itemsJapan
100%
Least populous in EuropeLiechtenstein
100%
Most populous in North AmericaMexico
100%
Least populous in EuropeMonaco
100%
Least populous in OceaniaNauru
100%
Most populous in OceaniaNew Zealand
100%
Largest areaRussia
100%
Longest water bordersRussia
100%
Largest arms exportersRussia
100%
Longest total bordersRussia
100%
Least populous in EuropeSan Marino
100%
Least populous in OceaniaTuvalu
100%
Most populous in EuropeUnited Kingdom
100%
Most imported itemsUnited Kingdom
100%
Most populous in North AmericaUnited States
100%
Most exported itemsUnited States
100%
Most imported itemsUnited States
100%
Most powerful militaryUnited States
100%
Most tropical stormsUnited States
100%
RichestUnited States
100%
Largest populationUnited States
100%
Tallest buildingUnited States
100%
Most JetPunk usersUnited States
100%
Longest land bordersUnited States
100%
Most megacitiesUnited States
100%
Most stars on flagUnited States
100%
Last alphabeticallyZimbabwe
100%
Longest nameSt. Kitts & Nevis | R. Congo | United Arab Emirates | Sao Tome & Principe
95%
Least populous in EuropeAndorra
94%
Largest populationIndonesia
94%
Most bordersRussia
94%
Least populous in EuropeVatican City
94%
Top banana producersIndia
93%
Most megacitiesPakistan | Brazil
93%
Smallest areaSan Marino
93%
Tallest buildingUnited Arab Emirates
93%
Most overseas territoriesUnited States
93%
Most billionairesUnited States
93%
Smallest areaVatican City
93%
Most islandsIndonesia
92%
Most populous in EuropeItaly
92%
Most populous in EuropeRussia
92%
Most populous in South AmericaBrazil
91%
Longest land bordersBrazil
91%
Most national parksBrazil
91%
Most populous in South AmericaColombia
91%
Longest land bordersIndia
91%
Most populous in AfricaNigeria
91%
Longest land bordersRussia
91%
Smallest populationVatican City
91%
Most skyscrapersChina
90%
Most JetPunk usersUnited Kingdom
90%
Most skyscrapersUnited States
90%
Last alphabeticallyZambia
90%
Largest areaBrazil
89%
Largest areaCanada
89%
Largest areaChina
89%
Most populous in AsiaIndonesia
89%
Most billionaires per capitaMonaco
89%
Largest areaUnited States
89%
Largest arms exportersUnited States
89%
With the largest cityBrazil
88%
Highest average iqChina
88%
Most tropical stormsChina
88%
Most populous in OceaniaPapua New Guinea
88%
Least populous in South AmericaParaguay
88%
Most populous in OceaniaSolomon Islands
88%
Least populous in South AmericaUruguay
88%
Most billionairesChina
87%
Most billionairesRussia
87%
Top banana producersBrazil
86%
Longest total bordersIndonesia
86%
Highest median ageJapan
86%
Most megacitiesJapan
86%
Most powerful militaryRussia
86%
Most powerful militaryUnited Kingdom
86%
Most overseas territoriesUnited Kingdom
86%
Most populous in North AmericaGuatemala
85%
Lowest population densityMongolia
85%
Most stars on flagBrazil
84%
Most bordersD.R. Congo
83%
Most islandsSweden
83%
Most populous in South AmericaArgentina
82%
Least populous in AsiaBhutan
82%
Lowest % below the poverty lineChina
82%
Most national parksIndia
82%
Most exported itemsJapan
82%
First alphabeticallyAlbania
81%
Most JetPunk usersAustralia
80%
Least populous in OceaniaPalau
80%
Least populous in OceaniaTonga
80%
Last alphabeticallyYemen
80%
Most overseas territoriesFrance
79%
Smallest areaMonaco
79%
Largest arms exportersGermany
78%
Shortest total bordersMonaco
78%
Most populous in AsiaPakistan
78%
Shortest total bordersSan Marino
78%
Shortest total bordersVatican City
78%
Most imported itemsGermany
77%
First alphabeticallyAngola
76%
Most islandsCanada
75%
Most populous in OceaniaFiji
75%
Most islandsFinland
75%
Least populous in South AmericaGuyana
75%
Highest average iqJapan
75%
Most tropical stormsMexico
75%
Most islandsNorway
75%
Highest average iqSingapore
75%
Longest water bordersCanada
73%
Most populous in AfricaEgypt
73%
Longest water bordersIndonesia
73%
Most populous in South AmericaPeru
73%
Smallest populationSan Marino
73%
Most populous in South AmericaVenezuela
73%
Most bordersBrazil
72%
Least populous in North AmericaAntigua & Barbuda
71%
Most overseas territoriesAustralia
71%
Least populous in North AmericaGrenada
71%
RichestIndia
71%
Most sheep per capitaMongolia
71%
Least populous in North AmericaSt. Kitts & Nevis
71%
Least populous in North AmericaSt. Vincent & The Grenadines
71%
Most JetPunk usersFrance
70%
Most skyscrapersUnited Arab Emirates
70%
Least populous in AfricaCape Verde
69%
Least populous in AfricaComoros
69%
Largest populationPakistan
69%
Least populous in AfricaSao Tome & Principe
69%
Highest population densitySingapore
68%
First alphabeticallyAndorra
67%
Most bordersFrance
67%
Largest arms exportersFrance
67%
Most billionaires per capitaLiechtenstein
67%
Largest arms exportersSpain
67%
Most billionairesUnited Kingdom
67%
Most national parksAustralia
64%
Least populous in AsiaBahrain
64%
Most populous in AfricaD.R. Congo
64%
Most populous in AfricaEthiopia
64%
RichestJapan
64%
Most sheep per capitaNew Zealand
64%
Most overseas territoriesNew Zealand
64%
Lowest median ageNiger
64%
Least populous in South AmericaBolivia
63%
Longest nameD.R. Congo
63%
PoorestD.R. Congo
63%
Least % forestEgypt
63%
Least % forestOman
63%
Least % forestQatar
63%
Highest average iqSouth Korea
63%
Least populous in South AmericaSuriname
63%
Highest average iqTaiwan
63%
First alphabeticallyAfghanistan
62%
Lowest population densityAustralia
62%
Most skyscrapersJapan
60%
Least populous in OceaniaMarshall Islands
60%
Last alphabeticallyVietnam
60%
Highest population densityMonaco
58%
First alphabeticallyAlgeria
57%
Least populous in North AmericaDominica
57%
RichestGermany
57%
Most powerful militaryGermany
57%
Highest median ageItaly
57%
Highest median ageMonaco
57%
Least imported itemsNauru
57%
Most populous in AsiaBangladesh
56%
First capital alphabeticallyUnited Arab Emirates
56%
Smallest populationNauru
55%
Smallest populationPalau
55%
Longest water bordersPhilippines
55%
Least populous in AfricaDjibouti
54%
Most populous in North AmericaHaiti
54%
Least exported itemsNauru
54%
Least exported itemsPalau
54%
Least populous in AfricaSeychelles
54%
Least exported itemsTuvalu
54%
Longest nameCentral African Republic
53%
Most billionairesGermany
53%
Tallest buildingSaudi Arabia
53%
Most sheep per capitaAustralia
50%
With the largest cityMexico
50%
Longest total bordersNorway
50%
Least imported itemsPalau
50%
Least % forestSan Marino
50%
Least imported itemsTuvalu
50%
Last alphabeticallyVenezuela
50%
PoorestYemen
50%
Least populous in AsiaBrunei
45%
Least populous in AsiaEast Timor
45%
Most exported itemsGermany
45%
Least populous in AsiaMaldives
45%
First capital alphabeticallyEthiopia
44%
First capital alphabeticallyNigeria
44%
Highest median ageGermany
43%
Least imported itemsKiribati
43%
Smallest areaNauru
43%
Top banana producersPhilippines
43%
Smallest areaTuvalu
43%
Last capital alphabeticallyCroatia
42%
Longest nameSt. Vincent & The Grenadines
42%
Least % forestNauru
38%
Most tropical stormsPhilippines
38%
PoorestUganda
38%
Least imported itemsF.S. Micronesia
36%
Longest water bordersNorway
36%
Most populous in AfricaTanzania
36%
Smallest populationTuvalu
36%
First capital alphabeticallyAlgeria
33%
Last capital alphabeticallyArmenia
33%
Most colors on flagFiji | Eritrea | Croatia | Colombia
33%
Largest % forestF.S. Micronesia
33%
Last capital alphabeticallyNauru
33%
Shortest total bordersNauru
33%
Largest % forestPalau
33%
Most billionaires per capitaSwitzerland
33%
Shortest total bordersTuvalu
33%
Highest population densityBahrain
32%
Lowest population densityIceland
31%
Highest % below the poverty lineMadagascar
31%
Highest % below the poverty lineNigeria
31%
Least exported itemsSao Tome & Principe
31%
Least exported itemsTonga
31%
Most skyscrapersSouth Korea
30%
Lowest median ageAngola
29%
Lowest median ageMali
29%
Lowest % below the poverty lineAustria
27%
Most national parksIsrael
27%
Tallest buildingSouth Korea
27%
Lowest % below the poverty lineTaiwan
27%
Highest population densityMaldives
26%
Highest population densityMalta
26%
Largest % forestSeychelles
25%
Lowest population densityNamibia
23%
First capital alphabeticallyGhana
22%
Most billionaires per capitaSt. Kitts & Nevis
22%
Longest nameBosnia & Herzegovina
21%
Top banana producersEcuador
21%
Lowest median ageMalawi
21%
Most sheep per capitaTurkmenistan
21%
Most sheep per capitaUruguay
21%
Lowest % below the poverty lineKazakhstan
18%
Most exported itemsSouth Korea
18%
Largest % forestSuriname
17%
Most stars on flagUzbekistan
16%
Lowest population densitySuriname
15%
Highest % below the poverty lineZimbabwe
15%
PoorestMozambique
13%
Most stars on flagCape Verde
11%
Most billionaires per capitaCyprus
11%
Most stars on flagDominica
11%
Most colors on flagGuatemala
11%
Most colors on flagHaiti
11%
Most national parksThailand
9%
Lowest % below the poverty lineTurkmenistan
9%
Last capital alphabeticallyCameroon
8%
Largest % forestGabon
8%
Last capital alphabeticallyIvory Coast
8%
Highest % below the poverty lineSierra Leone
8%
Highest % below the poverty lineSyria
8%
Most colors on flagCosta Rica
0%
Most colors on flagEquatorial Guinea
0%
Highest median ageSlovenia
0%
PoorestTajikistan
0%
Lowest median ageUganda
0%

Score Distribution

Percentile by Number Answered

Percent of People with Each Score

Your Score History

You have not taken this quiz